00354nam a2200109Ia 4500008004100000020002200041040002900063050002300092100003400115245005600149260003900205221021s9999||||xx |||||||||||||| ||und|| a978- 929081- 3583 cChuka University Library aHD 30.3b.B43 2008 aBeamer Linda and Iris Varner  0aIntercultural communication in the global workplace aNew DelhibTata mc graw hillc2008